| 000 | 00968nam a22002657a 4500 | ||
|---|---|---|---|
| 005 | 20180213141418.0 | ||
| 008 | 090728t xxu||||| |||| 00| 0 pun d | ||
| 010 | _aPUN- B-577983-986 B-669949 | ||
| 020 |
_c150.00 _a9788126042906 |
||
| 035 | _aPN- B-577983-986 | ||
| 035 | _aB-669949 | ||
| 037 | _bDBAD / PUB | ||
| 037 | _bSahitya akademi | ||
| 037 | _bBPPD/Ven/KBD | ||
| 040 |
_adpl _bpn |
||
| 082 | _aਓ | ||
| 100 | _aਕੰਦਸਾਮੀ,ਸ. | ||
| 245 |
_aਜਾਂਚ ਕਮਿਸ਼ਨ / _cਕੰਦਸਾਮੀ,ਸ |
||
| 246 |
_aJaanch commission _bby Kandasami, S |
||
| 260 |
_aNew delhi _bSahitya Prakashan _c2014 |
||
| 270 |
_bNew Delhi _a35, ਫ਼ਿਰੋਜ਼ਸ਼ਾਹ ਮਾਰਗ ਨਈ ਦਿੱਲੀ _e110001 |
||
| 300 | 4 |
_a196p. _c22ਸੇਂਮੀ (ਸਜਿਲੱਦ) |
|
| 942 |
_2ddc _cPN _hਓ _mਕੰਦਸਾ |
||
| 999 |
_c88095 _d88095 |
||